000 00332 a2200157 4500
001 74386
020 _a9780000170903
040 _cAnchieta - Colégio São Paulo
100 _aGoscinny, R.
240 1 0 _aA cizânia
_lpor
245 1 0 _aA cizânia
300 _a48
362 0 _a2002
650 4 _aLiteratura juvenil
942 _cBK
999 _c74386
_d74386